00774nam a2200229 i 4500003000900000005001700009007000300026008004100029020001800070040003000088082001400118100007000132245006100202264005100263300002900314336002700343337003400370338002800404490001700432500007100449650002400520DO-SdBNP20240821103438.0ta240821s2024 dr 000 p spa d a9789945943856 aDO-SdBNPbspacBNPHUerda bG993b222 aGuzmán, Joséd1996-eautorqJosé Alberto Guzmán Caraballo13aEl breve momento entre nacer y morir /cJosé Guzmán  1aSanto Domingo :bRío de Oro editores,c2024. a148 páginas, c22 cm. 2rdacontentatextobtxt 2rdamediaasin mediación bn 2rdacarrieravolumenbnc1 aCueva blanca aIncluye datos biográficos del autor en la solapa de la portada.  4aPoesía dominicana